00495nam a22001577a 450000500170000001000150001702000260003203500140005803700130007208200060008510000250009124500440011626000470016027001090020730000210031620190213121101.0 aENG-124726 a9789386191885c250.00 aEN-108258 bDBAD/PUB aN aMohamed Al Marzooqi aMy hidden God/cby Mohamed Al Marzooqi aNew DelhibLiFi Publication Pvt. Ltdc2018 a211, 2nd Floor, Gagandeep 12, Rajendra PlacebNew Delhie110008k011-25741000minfo@lifipublications.com a175p.c19cm(pbk)